| 000 | 00647nam a2200205 i 4500 | ||
|---|---|---|---|
| 001 | 21360 | ||
| 003 | ES-MaACL | ||
| 005 | 20230906152450.0 | ||
| 007 | t| | ||
| 008 | 021125s1972 sp |||| | spa d | ||
| 100 | 1 |
_aAlberich Hidalgo, Federico. _919284 |
|
| 245 | 1 | 0 |
_aToxicología / _cpor Federico Alberich Hidalgo, Castaño López Mesas, Guaita Egea (médicos forenses). |
| 260 |
_aMadrid : _bContestaciones Pons, _c1972. |
||
| 300 |
_a122 fol. ; _c30 cm. |
||
| 500 | _aEjemplar multicopista. | ||
| 650 | 4 |
_aToxicología. _9136941 |
|
| 700 | 1 |
_aCastaño López-Mesas. _936439 |
|
| 700 | 1 |
_aGuaita Egea. _960277 |
|
| 852 |
_aES-MaACL _jC-51842 |
||
| 999 |
_c21360 _d21360 |
||